| 000 | 00445nam a22001217a 4500 | ||
|---|---|---|---|
| 999 |
_c532461 _d532461 |
||
| 022 | _a1605-8607 E-2523-0379 | ||
| 100 |
_aQuaid-E-Awam University. _926002 |
||
| 245 |
_aResearch Journal of Engineering, Science & Technology \ _cQuaid-E-Awam University. |
||
| 260 |
_aNawabshah: _bQuaid-E-Awam University. |
||
| 300 |
_a40 p. : ill. _c30 cm. |
||
| 650 |
_aResearch, Engineering - Periodicals, Science, Technology - Periodicals. _926003 |
||
| 942 | _cCR | ||